000
00246nam a2200109Ia 4500
999
_c
8004
_d
8004
020
_a
978-1861001207
100
_a
Grimes, Richard
245
0
_a
Beginning ATL 3 COM Programming
260
_a
india
_b
McGraw Hill
_c
2000
300
_a
1233
942
_c
BK